000 01063 a2200253 4500
005 20080825112722.0
008 080825t xxu||||| |||| 00| p hin d
010 _aHIN-84064
020 _c275.00
_a9788175258686
035 _aHN-56410
037 _aDBAD / PUB
040 _aDPL
_bHN
082 _a821
100 _aमहमूज ज़की
245 _aसच कहना सूली चढ़ना है /
_cमहमूद ज़की
246 _aSacha kehanaa suli chadhanaa hai
_bby Mahmood Zaki
260 _aउज्जैन
_bमहमूद ज़की
_c2007
270 _a14, मिर्जा वाड़ी
_bउज्जैन
_e456006
_dम.प्र.
_k0734 2554180
300 _a108पृ
_c25सेमी (सजिल्द)
650 _aउर्दू कविताएँ
650 _aUrdu poetry
942 _adpl
_cHN
_2ddc
_mमहमू
_h821
999 _c15050
_d15050